000 00390nam a2200169Ia 4500
003 GCL
008 140319s9999 xx 000 0 eng d
040 _aGCL /
_cGCL
082 0 4 _aP
_b051
_bN N
100 1 _aNEWSWEEK
245 1 0 _aNEWSWEEK /
_cNEWSWEEK
260 _a[S.N] :
_bNEWSWEEK, INC, ،
_c1995
300 _a52
650 0 4 _aPERIODICALS
650 0 4 _aNEWSWEEK
942 _2ddc
_cCR
999 _c25925
_d25925